[Event "VI Sunway Sitges Open 2019"]
[Site "Sitges"]
[Date "2019.12.17"]
[Round "5.15"]
[White "Barseghyan, Harutyun"]
[Black "Sasikiran, Krishnan"]
[Result "0-1"]
[WhiteElo "2498"]
[BlackElo "2656"]
[Annotator "TA"]
[PlyCount "40"]
[EventDate "2019.12.13"]
[EventType "swiss"]
[EventCountry "ESP"]
[SourceTitle "playchess.com"]
[Source "ChessBase"]
[SourceQuality "1"]

{[%evp 9,53,28,26,14,30,9,29,0,-16,-20,-10,-45,-17,-43,-33,-40,-19,-20,-29,-51,-42,-62,-44,-56,-23,-168,-130,-260,-151,-666,-645,-647,-279,-318,-332,-799,-771,-1641,-1512,-29991,-29992,-29992,-29993,-29997,-29998,-29999]} 1. d4 Nf6 2. Nf3 g6 3. Nbd2 d5 4. e3 a5 $146 (4... Bg7 5. b4 a5 6. b5 c5 7. bxc6 Nxc6 8. Be2 O-O 9. O-O Bf5 10. c3 Qc7 11. a4 e5 12. Ba3 Rfc8 13. Rc1 {½-½ (25) Aronian,L (2765)-Vachier Lagrave,M (2778) Saint Louis 2019}) 5. c4 Bg7 6. cxd5 {D02: 1 d4 d5 2 Nf3 sidelines, including 2...Nf6 3 g3 and 2...Nf6 3 Bf4} Nxd5 7. e4 Nb6 8. Bb5+ {White has an edge.} Bd7 9. Be2 c5 10. d5 O-O (10... Ba4 $5 {[%cal Ra4d1]} 11. b3 (11. Nb3 c4 $17) 11... Bxa1 12. bxa4 Bg7 $17) 11. Nc4 Nxc4 12. Bxc4 b5 13. Be2 Na6 14. h4 c4 15. h5 Nc5 16. hxg6 fxg6 17. Bh6 (17. Qc2 $1 $11) 17... Bxb2 $19 18. Ng5 (18. e5 $17) 18... Qb6 $36 {[%mdl 2048] Black has strong initiative.} ({Better is} 18... Bc3+ $19 19. Kf1 Qb6) 19. f3 $2 (19. O-O $17) 19... Be5 20. Kf1 {[#]} Nb3 {Played: Rf8-f6} 0-1

[Event "VI Sunway Sitges Open 2019"]
[Site "Sitges"]
[Date "2019.12.17"]
[Round "5.16"]
[White "Lagarde, Maxime"]
[Black "Saduakassova, Dinara"]
[Result "1-0"]
[WhiteElo "2655"]
[BlackElo "2505"]
[Annotator "TA"]
[PlyCount "77"]
[EventDate "2019.12.13"]
[EventType "swiss"]
[EventCountry "ESP"]
[SourceTitle "playchess.com"]
[Source "ChessBase"]
[SourceQuality "1"]

{[%evp 18,77,8,8,12,7,4,0,6,0,25,6,6,6,25,6,6,6,70,67,62,62,61,46,52,67,68,62,75,63,121,135,129,153,118,107,265,145,143,134,128,133,144,133,270,270,270,270,259,253,270,270,413,413,413,413,413,413,413,413,413,413]} 1. g3 c5 2. Bg2 Nc6 3. c4 g6 4. Nc3 Bg7 5. Nf3 e5 6. O-O Nge7 7. d3 d6 8. a3 O-O 9. Rb1 a5 10. b3 h6 {A37: Symmetrical English vs ...g6: 4 Bg2 Bg7 5 Nf3} 11. Nd2 Rb8 12. Bb2 Be6 {The position is equal.} 13. Nd5 Qd7 $146 (13... b5 14. e3 Qd7 15. Qc2 Bh3 16. Ne4 Nxd5 17. Bxh3 Qxh3 18. cxd5 {½-½ (61) Ibrahimov,R (2518)-Tregubov,P (2575) Riadh 2017}) 14. Re1 b5 15. e3 Bf5 16. Qc2 Be6 17. f4 f5 ({Black should play} 17... Rfd8 $11) 18. Nxe7+ Nxe7 19. cxb5 Qxb5 {[%cal Re6b3]} 20. Bc3 Nd5 21. Ba1 Nb6 22. fxe5 dxe5 23. a4 Qd7 (23... Qa6 $1 $14) 24. Qxc5 $16 Qxd3 25. Qxa5 Rfe8 26. Rbc1 $36 {[%mdl 2048] Black is under strong pressure.} Rbd8 $2 (26... Bf7 $16 {might work better.}) 27. Rc7 ({Not} 27. Qxb6 Qxd2 28. Bc3 Qd6 $16) (27. Bc6 $18) 27... Rd7 ({Avoid the trap} 27... Qxd2 $2 {[#]} 28. Rxg7+ $1 {[%mdl 512]} Kf8 29. Bc3 $18) 28. Qxb6 Rxc7 29. Qxc7 Qxd2 30. Bc3 Qc2 (30... Qd3 $16) 31. Bxe5 $18 {[%csl Ge5][%cal Rc7g7] [#]} Qxc7 32. Bxc7 Bxb3 33. a5 Bc3 34. Rb1 Ba2 (34... Bc4 {keeps fighting.} 35. Rc1 Rxe3) 35. Rd1 {White is winning.} Bc4 36. Kf2 Be5 37. Rd8 Rxd8 38. Bxd8 Kf7 39. Bb7 {Accuracy: White = 78%, Black = 44%.} 1-0

[Event "VI Sunway Sitges Open 2019"]
[Site "Sitges"]
[Date "2019.12.17"]
[Round "5.17"]
[White "Kovalenko, Igor"]
[Black "Larino Nieto, David"]
[Result "1-0"]
[WhiteElo "2647"]
[BlackElo "2475"]
[Annotator "TA"]
[PlyCount "55"]
[EventDate "2019.12.13"]
[EventType "swiss"]
[EventCountry "ESP"]
[SourceTitle "playchess.com"]
[Source "ChessBase"]
[SourceQuality "1"]

{[%evp 9,55,6,11,8,14,0,0,0,8,8,0,0,10,0,13,15,62,36,60,22,20,30,0,0,0,-90,110,93,177,192,307,312,258,129,107,93,142,149,297,271,572,329,1560,1371,1531,1498,1346,1292]} 1. d4 d5 2. Nf3 Nf6 3. Nbd2 c5 4. e3 cxd4 5. exd4 Nc6 (5... Bf5 6. Ne5 Nbd7 7. Ndf3 e6 8. c3 Be7 9. Bf4 O-O 10. Qb3 Nxe5 11. Bxe5 Ne4 12. Be2 f6 13. Bf4 {½-½ (37) Aronian,L (2752)-Caruana,F (2819) Zagreb 2019}) 6. Bb5 {D04: Colle System} Qb6 7. a4 Bg4 $146 ({Predecessor:} 7... a6 8. Bxc6+ Qxc6 9. Ne5 Qc7 10. O-O g6 11. c4 Bg7 12. b3 O-O 13. Ba3 dxc4 {0-1 (67) Pechac,J (2442)-Aczel,G (2532) Slovakia 2018}) 8. h3 {The position is equal.} Bh5 9. g4 Bg6 10. Ne5 e6 11. c3 Bd6 12. h4 O-O-O 13. h5 $36 {[%mdl 2048] White is pushing.} Bxe5 14. dxe5 Nxe5 15. hxg6 Nfxg4 {[%csl Gg4][%cal Rb6f2]} 16. Rf1 {gxf7 is the strong threat.} hxg6 17. Nb3 {[#]} (17. Be2 $11 {remains equal.}) 17... f5 $2 ({Don't play} 17... Rh1 $6 18. Nd4 $14) (17... Nh2 $1 $17 {aiming for ...Nef3+.} 18. Be3 Qc7) 18. Nd4 $16 {[%cal Bb3d4,Bd4b5,Bb5d6][%mdl 32] Threatens to win with a5.} Nc4 (18... a6 $16) 19. a5 $18 {[%cal Ba4a5,Ba5a6][%mdl 32]} Qc5 (19... Nxa5 $142 20. Bg5 Rdg8) 20. a6 b6 21. Qe2 ({White should play} 21. Bc6 $18) 21... e5 $16 {[#]} 22. Bxc4 $1 Qxc4 23. Nb5 Nh2 (23... Rd7 $16 {was necessary.}) 24. Bg5 Nxf1 $2 (24... Rd7 {is more resistant.}) 25. Bxd8 {Strongly threatening Nd6+.} ({Not} 25. Qxc4+ dxc4 26. Bxd8 (26. Nxa7+ Kc7 $16) 26... Rxd8 $18) 25... Ne3 $2 (25... Qxe2+ 26. Kxe2 Ng3+ 27. fxg3 Rxd8) 26. Nd6+ $18 {[%mdl 64] Double Attack. White is clearly winning.} Kxd8 27. Nxc4 Rh1+ 28. Kd2 {[%mdl 64] Discovered Attack. Accuracy: White = 66%, Black = 22%.} 1-0

[Event "VI Sunway Sitges Open 2019"]
[Site "Sitges"]
[Date "2019.12.17"]
[Round "5.18"]
[White "Heimann, Andreas"]
[Black "Karthik Venkataraman"]
[Result "1-0"]
[WhiteElo "2617"]
[BlackElo "2470"]
[Annotator "ChessBase"]
[PlyCount "59"]
[EventDate "2019.12.13"]
[EventType "swiss"]
[EventCountry "ESP"]
[SourceTitle "playchess.com"]
[Source "ChessBase"]
[SourceQuality "1"]
[TimeControl "40/5400+30:1800+30"]

1. d4 {[%emt 0:00:00]} Nf6 {[%emt 0:00:17]} 2. c4 {[%emt 0:00:00]} c5 {[%emt 0:00:25]} 3. d5 {[%emt 0:00:15]} g6 {[%emt 0:00:07]} 4. Nc3 {[%emt 0:00:14]} Bg7 {[%emt 0:00:05]} 5. e4 {[%emt 0:00:05]} d6 {[%emt 0:00:04]} 6. h3 {[%emt 0:00:35]} O-O {[%emt 0:00:06]} 7. Nf3 {[%emt 0:00:07]} e6 {[%emt 0:00:05]} 8. Bd3 {[%emt 0:00:04]} Nbd7 {[%emt 0:00:24]} 9. Be3 {[%emt 0:05:07]} a6 {[%emt 0:06:06]} 10. a4 {[%emt 0:02:36]} exd5 {[%emt 0:04:07]} 11. exd5 {[%emt 0:01:38]} Re8 {[%emt 0:00:08]} 12. O-O {[%emt 0:00:12]} Nh5 {[%emt 0:00:07]} 13. Re1 {[%emt 0:09:32]} Ne5 {[%emt 0:01:11]} 14. Be2 {[%emt 0:07:50]} Bd7 {[%emt 0:09:24]} 15. Qd2 {[%emt 0:05:27]} Nxf3+ {[%emt 0:13:34]} 16. Bxf3 {[%emt 0:00:41]} Nf6 {[%emt 0:00:08]} 17. Bg5 {[%emt 0:05:00]} Qb6 {[%emt 0:15:05]} 18. a5 {[%emt 0:07:40]} Rxe1+ {[%emt 0:26:09]} 19. Rxe1 {[%emt 0:02:42]} Qxa5 {[%emt 0:03:45]} 20. Qf4 {[%emt 0:01:19]} Qd8 {[%emt 0:04:11]} 21. Qxd6 {[%emt 0:09:41]} h6 {[%emt 0:00:48]} 22. Bxf6 {[%emt 0:12:34]} Bxf6 {[%emt 0:00:07]} 23. Qxc5 {[%emt 0:00:04]} Rc8 {[%emt 0:00:06]} 24. Qb4 {[%emt 0:00:03]} a5 {[%emt 0:00:15]} 25. Qxb7 {[%emt 0:01:44]} Rxc4 {[%emt 0:01:13]} 26. d6 {[%emt 0:02:00]} Rb4 {[%emt 0:08:56]} 27. Qc7 {[%emt 0:02:04]} Qxc7 {[%emt 0:05:40]} 28. dxc7 {[%emt 0:00:06]} Bxc3 {[%emt 0:00:04]} 29. Re7 {[%emt 0:00:55]} Bf5 {[%emt 0:01:19]} 30. g4 {[%emt 0:02:43]} 1-0

[Event "VI Sunway Sitges Open 2019"]
[Site "Sitges"]
[Date "2019.12.17"]
[Round "5.19"]
[White "Yankelevich, Lev"]
[Black "Petrosyan, Manuel"]
[Result "1/2-1/2"]
[WhiteElo "2472"]
[BlackElo "2613"]
[Annotator "ChessBase"]
[PlyCount "28"]
[EventDate "2019.12.13"]
[EventType "swiss"]
[EventCountry "ESP"]
[SourceTitle "playchess.com"]
[Source "ChessBase"]
[SourceQuality "1"]
[TimeControl "40/5400+30:1800+30"]

1. d4 {[%emt 0:00:00]} Nf6 {[%emt 0:01:22]} 2. c4 {[%emt 0:00:00]} g6 {[%emt 0:00:06]} 3. Nc3 {[%emt 0:00:00]} d5 {[%emt 0:00:05]} 4. cxd5 {[%emt 0:01:06]} Nxd5 {[%emt 0:00:06]} 5. e4 {[%emt 0:00:06]} Nxc3 {[%emt 0:00:07]} 6. bxc3 {[%emt 0:00:02]} Bg7 {[%emt 0:00:09]} 7. Nf3 {[%emt 0:00:49]} c5 {[%emt 0:00:16]} 8. Be3 {[%emt 0:00:04]} Qa5 {[%emt 0:00:25]} 9. Nd2 {[%emt 0:00:07]} Bd7 {[%emt 0:03:26]} 10. Nb3 {[%emt 0:00:26]} Qxc3+ {[%emt 0:00:07]} 11. Bd2 {[%emt 0:00:02]} Qb2 {[%emt 0:00:09]} 12. Bc1 {[%emt 0:00:02]} Qc3+ {[%emt 0:00:06]} 13. Bd2 {[%emt 0:00:01]} Qb2 {[%emt 0:00:06]} 14. Bc1 {[%emt 0:00:05]} Qc3+ {[%emt 0:00:05]} 1/2-1/2

[Event "VI Sunway Sitges Open 2019"]
[Site "Sitges"]
[Date "2019.12.17"]
[Round "5.20"]
[White "Nihal Sarin"]
[Black "Diaz Camallonga, Carles"]
[Result "1-0"]
[WhiteElo "2612"]
[BlackElo "2468"]
[Annotator "ChessBase"]
[PlyCount "105"]
[EventDate "2019.12.13"]
[EventType "swiss"]
[EventCountry "ESP"]
[SourceTitle "playchess.com"]
[Source "ChessBase"]
[SourceQuality "1"]
[TimeControl "40/5400+30:1800+30"]

1. d4 {[%emt 0:00:29]} e6 {[%emt 0:00:00]} 2. c4 {[%emt 0:00:06]} d5 {[%emt 0:00:00]} 3. Nc3 {[%emt 0:02:40]} Be7 {[%emt 0:00:00]} 4. cxd5 {[%emt 0:02:47]} exd5 {[%emt 0:00:00]} 5. Bf4 {[%emt 0:00:05]} c6 {[%emt 0:00:10]} 6. Qc2 {[%emt 0:00:37]} g6 {[%emt 0:08:26]} 7. e3 {[%emt 0:04:33]} Bf5 {[%emt 0:01:02]} 8. Bd3 {[%emt 0:03:12]} Bxd3 {[%emt 0:00:10]} 9. Qxd3 {[%emt 0:00:02]} Nf6 {[%emt 0:03:30]} 10. Nge2 {[%emt 0:03:54]} Na6 {[%emt 0:07:24]} 11. O-O {[%emt 0:02:00]} O-O {[%emt 0:01:21]} 12. Rad1 {[%emt 0:08:09]} Nb4 {[%emt 0:21:31]} 13. Qb1 {[%emt 0:00:55]} Nh5 {[%emt 0:00:29]} 14. Be5 {[%emt 0:07:34]} f6 {[%emt 0:05:51]} 15. Bg3 {[%emt 0:04:50]} a5 {[%emt 0:02:31]} 16. a3 {[%emt 0:03:53]} Na6 {[%emt 0:00:05]} 17. e4 {[%emt 0:02:36]} f5 {[%emt 0:09:37]} 18. exf5 {[%emt 0:11:45]} gxf5 {[%emt 0:03:14]} 19. Be5 {[%emt 0:10:39]} Bd6 {[%emt 0:00:09]} 20. f4 {[%emt 0:00:44]} Bxe5 {[%emt 0:01:33]} 21. fxe5 {[%emt 0:06:49]} Qg5 {[%emt 0:00:10]} 22. Rd3 {[%emt 0:03:19]} Nc7 {[%emt 0:06:57]} 23. Nf4 {[%emt 0:01:54]} Kh8 {[%emt 0:01:42]} 24. Nce2 {[%emt 0:00:40]} Rg8 {[%emt 0:05:01]} 25. Rf2 {[%emt 0:00:10]} Nxf4 {[%emt 0:04:24]} 26. Nxf4 {[%emt 0:00:05]} Raf8 {[%emt 0:00:24]} 27. Qe1 {[%emt 0:01:14]} Qe7 {[%emt 0:03:25]} 28. Qxa5 {[%emt 0:06:26]} Ne6 {[%emt 0:02:06]} 29. Nxe6 {[%emt 0:00:24]} Qxe6 {[%emt 0:00:04]} 30. Qd2 {[%emt 0:00:24]} Rg4 {[%emt 0:01:11]} 31. Rdf3 {[%emt 0:05:16]} Re4 {[%emt 0:01:59]} 32. h3 {[%emt 0:02:01]} c5 {[%emt 0:02:16]} 33. dxc5 {[%emt 0:02:21]} Qxe5 {[%emt 0:00:05]} 34. Rf4 {[%emt 0:00:23]} Kg8 {[%emt 0:05:33]} 35. g3 {[%emt 0:01:18]} d4 {[%emt 0:01:29]} 36. b4 {[%emt 0:01:00]} Rf7 {[%emt 0:00:27]} 37. Kh2 {[%emt 0:01:04]} Qd5 {[%emt 0:01:28]} 38. Qa2 {[%emt 0:01:40]} Qxa2 {[%emt 0:00:53]} 39. Rxa2 {[%emt 0:00:01]} d3 {[%emt 0:01:26]} 40. Kg2 {[%emt 0:00:00]} Rd7 {[%emt 0:00:00]} 41. Rd2 {[%emt 0:05:39]} Rxf4 {[%emt 0:10:09]} 42. gxf4 {[%emt 0:00:15]} Kf8 {[%emt 0:00:04]} 43. Kf3 {[%emt 0:01:20]} Rd4 {[%emt 0:00:04]} 44. Ke3 {[%emt 0:04:42]} Re4+ {[%emt 0:00:04]} 45. Kxd3 {[%emt 0:00:16]} Rxf4 {[%emt 0:00:04]} 46. Ke3 {[%emt 0:04:22]} Rh4 {[%emt 0:00:13]} 47. Rd7 {[%emt 0:00:17]} Ke8 {[%emt 0:00:08]} 48. Rxb7 {[%emt 0:00:06]} Rxh3+ {[%emt 0:00:03]} 49. Kd4 {[%emt 0:01:30]} Rxa3 {[%emt 0:00:17]} 50. c6 {[%emt 0:00:26]} Kd8 {[%emt 0:00:14]} 51. Rxh7 {[%emt 0:00:20]} f4 {[%emt 0:00:18]} 52. Kc5 {[%emt 0:00:13]} Rc3+ {[%emt 0:00:30]} 53. Kb6 {[%emt 0:00:11]} 1-0

[Event "VI Sunway Sitges Open 2019"]
[Site "Sitges"]
[Date "2019.12.17"]
[Round "5.21"]
[White "Salgado Lopez, Ivan"]
[Black "Parvanyan, Ashot"]
[Result "1/2-1/2"]
[WhiteElo "2605"]
[BlackElo "2456"]
[Annotator "ChessBase"]
[PlyCount "61"]
[EventDate "2019.12.13"]
[EventType "swiss"]
[EventCountry "ESP"]
[SourceTitle "playchess.com"]
[Source "ChessBase"]
[SourceQuality "1"]
[TimeControl "40/5400+30:1800+30"]

1. Nf3 {[%emt 0:00:00]} Nf6 {[%emt 0:00:00]} 2. d4 {[%emt 0:00:00]} g6 {[%emt 0:00:20]} 3. Bg5 {[%emt 0:00:00]} Bg7 {[%emt 0:00:17]} 4. Nbd2 {[%emt 0:00:05]} O-O {[%emt 0:02:04]} 5. c3 {[%emt 0:00:09]} d6 {[%emt 0:04:00]} 6. e4 {[%emt 0:00:53]} h6 {[%emt 0:06:53]} 7. Be3 {[%emt 0:02:45]} e5 {[%emt 0:08:55]} 8. dxe5 {[%emt 0:00:58]} dxe5 {[%emt 0:02:25]} 9. h3 {[%emt 0:08:05]} Qe7 {[%emt 0:05:50]} 10. Be2 {[%emt 0:00:11]} Nh5 {[%emt 0:01:13]} 11. g3 {[%emt 0:00:43]} Nd7 {[%emt 0:07:50]} 12. Nh2 {[%emt 0:03:59]} Nhf6 {[%emt 0:01:09]} 13. Qc2 {[%emt 0:06:00]} a5 {[%emt 0:06:29]} 14. a4 {[%emt 0:03:43]} Nc5 {[%emt 0:03:54]} 15. Ng4 {[%emt 0:00:42]} Kh7 {[%emt 0:04:43]} 16. Nxf6+ {[%emt 0:00:24]} Bxf6 {[%emt 0:00:05]} 17. h4 {[%emt 0:00:08]} Bg7 {[%emt 0:01:09]} 18. h5 {[%emt 0:03:16]} g5 {[%emt 0:02:04]} 19. Nb3 {[%emt 0:04:41]} Nxb3 {[%emt 0:02:31]} 20. Qxb3 {[%emt 0:00:12]} b6 {[%emt 0:04:13]} 21. g4 {[%emt 0:07:15]} Be6 {[%emt 0:00:09]} 22. Qb5 {[%emt 0:03:15]} Rfd8 {[%emt 0:04:40]} 23. f3 {[%emt 0:03:23]} Qd7 {[%emt 0:07:03]} 24. Qxd7 {[%emt 0:06:52]} Rxd7 {[%emt 0:00:15]} 25. Bb5 {[%emt 0:00:23]} Rd6 {[%emt 0:00:56]} 26. Rh2 {[%emt 0:00:48]} Bf8 {[%emt 0:01:21]} 27. Rd2 {[%emt 0:02:57]} Kg7 {[%emt 0:05:24]} 28. Rxd6 {[%emt 0:08:42]} Bxd6 {[%emt 0:00:11]} 29. Rd1 {[%emt 0:00:15]} Rd8 {[%emt 0:00:52]} 30. Be2 {[%emt 0:05:52]} Bb3 {[%emt 0:03:25]} 31. Ra1 {[%emt 0:00:10]} 1/2-1/2

[Event "VI Sunway Sitges Open 2019"]
[Site "Sitges"]
[Date "2019.12.17"]
[Round "5.22"]
[White "Svane, Rasmus"]
[Black "Haldorsen, Benjamin"]
[Result "1/2-1/2"]
[WhiteElo "2597"]
[BlackElo "2455"]
[Annotator "ChessBase"]
[PlyCount "106"]
[EventDate "2019.12.13"]
[EventType "swiss"]
[EventCountry "ESP"]
[SourceTitle "playchess.com"]
[Source "ChessBase"]
[SourceQuality "1"]
[TimeControl "40/5400+30:1800+30"]

1. d4 {[%emt 0:00:00]} Nf6 {[%emt 0:00:00]} 2. c4 {[%emt 0:00:00]} c5 {[%emt 0:00:00]} 3. d5 {[%emt 0:00:00]} e6 {[%emt 0:00:07]} 4. Nc3 {[%emt 0:00:17]} exd5 {[%emt 0:00:11]} 5. cxd5 {[%emt 0:00:07]} d6 {[%emt 0:00:05]} 6. e4 {[%emt 0:04:33]} g6 {[%emt 0:00:05]} 7. Nf3 {[%emt 0:00:20]} a6 {[%emt 0:00:36]} 8. a4 {[%emt 0:01:40]} Bg4 {[%emt 0:00:29]} 9. Be2 {[%emt 0:01:28]} Bxf3 {[%emt 0:00:54]} 10. Bxf3 {[%emt 0:00:07]} Bg7 {[%emt 0:00:55]} 11. Bf4 {[%emt 0:05:14]} O-O {[%emt 0:01:44]} 12. O-O {[%emt 0:00:07]} Ne8 {[%emt 0:03:15]} 13. a5 {[%emt 0:12:12]} Nd7 {[%emt 0:01:16]} 14. Re1 {[%emt 0:05:16]} Be5 {[%emt 0:13:13]} 15. Bxe5 {[%emt 0:05:10]} Nxe5 {[%emt 0:00:29]} 16. Be2 {[%emt 0:00:07]} g5 {[%emt 0:01:57]} 17. Qb3 {[%emt 0:20:17]} Rb8 {[%emt 0:12:33]} 18. Nd1 {[%emt 0:15:22]} Ng7 {[%emt 0:15:48]} 19. Ne3 {[%emt 0:00:03]} f5 {[%emt 0:00:52]} 20. exf5 {[%emt 0:04:48]} Nxf5 {[%emt 0:01:07]} 21. Nxf5 {[%emt 0:00:03]} Rxf5 {[%emt 0:00:03]} 22. Rf1 {[%emt 0:03:40]} Rf4 {[%emt 0:06:41]} 23. Ra4 {[%emt 0:02:02]} b5 {[%emt 0:09:10]} 24. axb6 {[%emt 0:04:31]} Rxb6 {[%emt 0:03:24]} 25. Qa3 {[%emt 0:00:31]} Rxa4 {[%emt 0:01:30]} 26. Qxa4 {[%emt 0:00:04]} Rxb2 {[%emt 0:01:31]} 27. Bxa6 {[%emt 0:04:02]} Qa8 {[%emt 0:03:45]} 28. Qa3 {[%emt 0:02:49]} Rb6 {[%emt 0:02:15]} 29. Ra1 {[%emt 0:00:07]} Qxd5 {[%emt 0:01:59]} 30. Bf1 {[%emt 0:01:00]} Rb8 {[%emt 0:02:35]} 31. Qg3 {[%emt 0:01:30]} Kh8 {[%emt 0:03:58]} 32. Qh3 {[%emt 0:02:54]} Rf8 {[%emt 0:02:20]} 33. Qc3 {[%emt 0:03:05]} Qf7 {[%emt 0:01:43]} 34. Qc2 {[%emt 0:01:30]} Qf5 {[%emt 0:01:43]} 35. Qe2 {[%emt 0:00:26]} Ng6 {[%emt 0:05:08]} 36. Rd1 {[%emt 0:00:39]} d5 {[%emt 0:01:29]} 37. Qb2+ {[%emt 0:01:39]} d4 {[%emt 0:00:06]} 38. Bd3 {[%emt 0:00:25]} Qg4 {[%emt 0:01:24]} 39. f3 {[%emt 0:00:34]} Qe6 {[%emt 0:01:02]} 40. Qb7 {[%emt 0:00:00]} c4 {[%emt 0:00:00]} 41. Be4 {[%emt 0:03:58]} d3 {[%emt 0:05:45]} 42. Qb4 {[%emt 0:03:08]} Kg7 {[%emt 0:04:51]} 43. Qc5 {[%emt 0:06:17]} Rc8 {[%emt 0:08:23]} 44. Qxg5 {[%emt 0:06:59]} Qb6+ {[%emt 0:01:06]} 45. Kh1 {[%emt 0:02:11]} Qd4 {[%emt 0:02:37]} 46. Qg4 {[%emt 0:05:29]} Rc5 {[%emt 0:02:38]} 47. h3 {[%emt 0:02:11]} Ra5 {[%emt 0:02:53]} 48. Bxd3 {[%emt 0:02:33]} Qxg4 {[%emt 0:00:27]} 49. hxg4 {[%emt 0:00:29]} cxd3 {[%emt 0:00:02]} 50. Rxd3 {[%emt 0:00:09]} Ra2 {[%emt 0:00:27]} 51. Rd7+ {[%emt 0:00:26]} Kh6 {[%emt 0:00:34]} 52. g5+ {[%emt 0:00:29]} Kxg5 {[%emt 0:00:25]} 53. Rxh7 {[%emt 0:00:05]} Nf4 {[%emt 0:01:10]} 1/2-1/2

[Event "VI Sunway Sitges Open 2019"]
[Site "Sitges"]
[Date "2019.12.17"]
[Round "5.23"]
[White "Real De Azua, Ernesto"]
[Black "Liang, Awonder"]
[Result "0-1"]
[WhiteElo "2450"]
[BlackElo "2593"]
[Annotator "ChessBase"]
[PlyCount "98"]
[EventDate "2019.12.13"]
[EventType "swiss"]
[EventCountry "ESP"]
[SourceTitle "playchess.com"]
[Source "ChessBase"]
[SourceQuality "1"]
[TimeControl "40/5400+30:1800+30"]

1. d4 {[%emt 0:00:00]} Nf6 {[%emt 0:06:38]} 2. c4 {[%emt 0:03:10]} e6 {[%emt 0:00:07]} 3. Nc3 {[%emt 0:00:26]} Bb4 {[%emt 0:00:08]} 4. e3 {[%emt 0:00:05]} O-O {[%emt 0:00:08]} 5. Bd3 {[%emt 0:00:06]} d5 {[%emt 0:00:08]} 6. Nf3 {[%emt 0:00:09]} b6 {[%emt 0:01:07]} 7. cxd5 {[%emt 0:02:35]} exd5 {[%emt 0:00:11]} 8. O-O {[%emt 0:00:06]} Bb7 {[%emt 0:00:08]} 9. a3 {[%emt 0:01:21]} Bd6 {[%emt 0:00:54]} 10. b4 {[%emt 0:00:21]} Nbd7 {[%emt 0:01:29]} 11. Qb3 {[%emt 0:02:04]} a6 {[%emt 0:01:19]} 12. a4 {[%emt 0:09:24]} Re8 {[%emt 0:00:14]} 13. Ba3 {[%emt 0:01:15]} Ne4 {[%emt 0:17:49]} 14. b5 {[%emt 0:14:30]} axb5 {[%emt 0:03:35]} 15. axb5 {[%emt 0:01:48]} Ndf6 {[%emt 0:06:31]} 16. Bxd6 {[%emt 0:01:26]} Qxd6 {[%emt 0:00:10]} 17. h3 {[%emt 0:10:00]} Qe7 {[%emt 0:12:27]} 18. Qb2 {[%emt 0:11:28]} h6 {[%emt 0:04:59]} 19. Rxa8 {[%emt 0:07:16]} Rxa8 {[%emt 0:00:26]} 20. Ra1 {[%emt 0:00:16]} Rxa1+ {[%emt 0:04:18]} 21. Qxa1 {[%emt 0:00:06]} Qb4 {[%emt 0:00:06]} 22. Ne2 {[%emt 0:02:57]} Qb3 {[%emt 0:00:55]} 23. Ne5 {[%emt 0:05:55]} Nd6 {[%emt 0:10:18]} 24. Qc1 {[%emt 0:04:41]} Nfe8 {[%emt 0:01:04]} 25. Qc3 {[%emt 0:05:26]} Qa4 {[%emt 0:03:50]} 26. Qb2 {[%emt 0:02:37]} Nc4 {[%emt 0:05:25]} 27. Nxc4 {[%emt 0:06:40]} dxc4 {[%emt 0:00:08]} 28. Nc3 {[%emt 0:01:01]} Qa8 {[%emt 0:00:18]} 29. Bf1 {[%emt 0:01:18]} Nd6 {[%emt 0:00:24]} 30. f3 {[%emt 0:00:09]} Qd8 {[%emt 0:01:01]} 31. e4 {[%emt 0:05:14]} Qg5 {[%emt 0:01:06]} 32. Kf2 {[%emt 0:00:55]} Qf4 {[%emt 0:13:57]} 33. Ke2 {[%emt 0:01:07]} Qh2 {[%emt 0:01:03]} 34. Qd2 {[%emt 0:00:23]} Bc8 {[%emt 0:00:26]} 35. Ke1 {[%emt 0:00:41]} Bd7 {[%emt 0:00:18]} 36. g4 {[%emt 0:00:31]} Qg3+ {[%emt 0:01:05]} 37. Qf2 {[%emt 0:00:04]} Qf4 {[%emt 0:00:03]} 38. Ne2 {[%emt 0:00:51]} Qg5 {[%emt 0:00:04]} 39. e5 {[%emt 0:00:34]} Nxb5 {[%emt 0:00:08]} 40. f4 {[%emt 0:00:00]} Qe7 {[%emt 0:00:00]} 41. Qe3 {[%emt 0:01:51]} Qb4+ {[%emt 0:02:21]} 42. Kf2 {[%emt 0:00:19]} c3 {[%emt 0:00:16]} 43. f5 {[%emt 0:02:24]} c2 {[%emt 0:07:17]} 44. d5 {[%emt 0:04:51]} Qb2 {[%emt 0:03:00]} 45. e6 {[%emt 0:02:43]} Be8 {[%emt 0:00:12]} 46. Qc1 {[%emt 0:01:28]} Qb3 {[%emt 0:02:47]} 47. Bg2 {[%emt 0:00:34]} Nc3 {[%emt 0:03:17]} 48. Nxc3 {[%emt 0:02:00]} Qxc3 {[%emt 0:00:05]} 49. Be4 {[%emt 0:00:10]} Qd4+ {[%emt 0:00:08]} 0-1